Youngest Presidents of the USA - Statistics

General Stats
  • This quiz has been taken 57 times
  • The average score is 7 of 10
Answer Stats
Age at start date In office President % Correct
47 years,169 days 2009-2017 Barack Obama
100%
46 years,154 days 1993-2001 Bill Clinton
95%
42 years,322 days 1901-1909 Theodore Roosevelt
91%
43 years,236 days 1961-1963 John F. Kennedy
89%
47 years,351 days 1885-1889 ; 1893-1897 Grover Cleveland
78%
46 years,311 days 1869-1877 Ulysses S. Grant
75%
48 years,101 days 1853-1857 Franklin Pierce
71%
49 years,105 days 1881 James A. Garfield
67%
49 years,122 days 1845-1849 James K. Polk
62%
50 years,183 days 1850-1853 Millard Fillmore
16%
No matching quizzes found
Score Distribution
Percent of People with Each Score
Percentile by Number Answered
Your Score History
You have not taken this quiz